[Event "CZE-ch blind"]
[Site "Kyjov"]
[Date "2005.??.??"]
[Round "1"]
[White "Cerny, Milos"]
[Black "Birtus, Rudolf"]
[Result "1-0"]
[WhiteElo "1745"]
[BlackElo "1710"]
[PlyCount "87"]
[EventDate "2005.??.??"]
[EventType "tourn"]
[EventRounds "9"]
[EventCountry "CZE"]
[SourceTitle "EXT 2007"]
[Source "ChessBase"]
[SourceDate "2006.11.23"]
[SourceVersion "1"]
[SourceVersionDate "2006.11.23"]
[SourceQuality "1"]

1. c4 Nf6 2. Nc3 e5 3. g3 Nc6 4. Bg2 d6 5. e3 Bf5 6. Nge2 Be7 7. d4 0-0 8. 0-0 Rb8 9. a3 a5 10. Nd5 Nxd5 11. Bxd5 Na7 12. Nc3 c6 13. Bg2 Qd7 14. dxe5 dxe5 15. Qxd7 Bxd7 16. Bd2 f5 17. Rac1 Be6 18. Ne2 b6 19. e4 Rbd8 20. Be3 c5 21. exf5 Bxf5 22. Nc3 h6 23. Nd5 Bg5 24. Bxg5 hxg5 25. Nxb6 Rb8 26. Na4 Rfd8 27. Bd5+ Kh7 28. Rfe1 Re8 29. Re2 Re7 30. Nxc5 Rbe8 31. Ne4 Bg4 32. Re3 Kh6 33. f3 Be6 34. Nc3 Rb8 35. Rc2 Rb3 36. Rxe5 Rb6 37. Rce2 Bxd5 38. Rxe7 Bxc4 39. Rd2 Nc8 40. Re5 Re6 41. Rxa5 Ne7 42. Ne4 g4 43. Rd6 Rxd6 44. Nxd6 1-0

[Event "CZE-ch blind"]
[Site "Kyjov"]
[Date "2005.??.??"]
[Round "2"]
[White "Skoumal, Frantisek"]
[Black "Cerny, Milos"]
[Result "0-1"]
[WhiteElo "1715"]
[BlackElo "1745"]
[PlyCount "56"]
[EventDate "2005.??.??"]
[EventType "tourn"]
[EventRounds "9"]
[EventCountry "CZE"]
[SourceTitle "EXT 2007"]
[Source "ChessBase"]
[SourceDate "2006.11.23"]
[SourceVersion "1"]
[SourceVersionDate "2006.11.23"]
[SourceQuality "1"]

1. e4 g6 2. d4 Bg7 3. Nc3 e6 4. Be3 d5 5. e5 c5 6. Nf3 cxd4 7. Bxd4 Nc6 8. Bb5 Nge7 9. Ne2 0-0 10. c3 a6 11. Bd3 Qc7 12. Rc1 Nxe5 13. Nxe5 Bxe5 14. h4 Nf5 15. Bxe5 Qxe5 16. g4 Ne7 17. Qd2 Bd7 18. h5 Bc6 19. Qh6 Qg7 20. hxg6 Qxh6 21. Rxh6 fxg6 22. Nd4 Bd7 23. Ke2 e5 24. Rch1 Bxg4+ 25. f3 Bh5 26. R1xh5 gxh5 27. Ne6 Nf5 28. Rxh5 Ng3+ 0-1

[Event "CZE-ch blind"]
[Site "Brno"]
[Date "2003.03.11"]
[Round "11"]
[White "Cerny, Milos"]
[Black "Rehorek, Ladislav"]
[Result "1/2-1/2"]
[WhiteElo "1779"]
[BlackElo "1729"]
[PlyCount "36"]
[EventDate "2003.03.01"]
[EventType "tourn"]
[EventRounds "11"]
[EventCountry "CZE"]
[SourceTitle "CBM 093 Extra"]
[Source "ChessBase"]
[SourceDate "2003.05.09"]
[SourceVersion "1"]
[SourceVersionDate "2003.05.09"]
[SourceQuality "1"]

1. d4 d5 2. Nf3 Nf6 3. Bg5 e6 4. e3 Be7 5. c4 c6 6. Bd3 h6 7. Bh4 0-0 8. Nc3 Nbd7 9. Rc1 dxc4 10. Bxc4 Nb6 11. Bb3 Nbd5 12. 0-0 Nxc3 13. bxc3 Nd5 14. Bxe7 Qxe7 15. c4 Nf6 16. c5 Rd8 17. Ne5 Nd7 18. Qh5 Nxe5 1/2-1/2

[Event "CZE-ch blind"]
[Site "Brno"]
[Date "2003.03.03"]
[Round "3"]
[White "Kopriva, Petr"]
[Black "Cerny, Milos"]
[Result "1-0"]
[WhiteElo "1951"]
[BlackElo "1779"]
[PlyCount "57"]
[EventDate "2003.03.01"]
[EventType "tourn"]
[EventRounds "11"]
[EventCountry "CZE"]
[SourceTitle "CBM 093 Extra"]
[Source "ChessBase"]
[SourceDate "2003.05.09"]
[SourceVersion "1"]
[SourceVersionDate "2003.05.09"]
[SourceQuality "1"]

1. e4 c5 2. Nf3 Nc6 3. Bb5 a6 4. Bxc6 dxc6 5. h3 e6 6. 0-0 Be7 7. d3 Nf6 8. Nc3 0-0 9. Bf4 h6 10. Qe2 b5 11. Bg3 Ra7 12. e5 Nh7 13. Ne4 f5 14. exf6 Nxf6 15. Ne5 Qe8 16. Rfe1 Nd5 17. Qd2 Bd7 18. Re2 Rf5 19. Rae1 Qh5 20. Nxd7 Rxd7 21. Qa5 Nb4 22. Qb6 Bd8 23. Qb8 Rf8 24. Qc8 Qd5 25. Nc3 Bc7 26. Qxf8+ Kxf8 27. Nxd5 Bxg3 28. fxg3 exd5 29. a3 1-0